| 000 | 01167nam0a2200313 4500 | ||
|---|---|---|---|
| 001 | RU\NLR\BIBL_A\022660100 | ||
| 005 | 20260210103752.0 | ||
| 010 | _a978-5-0058-0854-7 | ||
| 021 |
_aRU _bКН-П-25-051333 _9КН-П-25-5509 |
||
| 035 | _a(NLR Aleph) 022660100 | ||
| 090 |
_a13551873 _c13551873 |
||
| 100 | _a20251106d2025 u y0rusy50 ca | ||
| 101 | 1 |
_arus _ceng |
|
| 102 | _aRU | ||
| 105 | _ay z 000ay | ||
| 181 | 0 |
_ai _baxxe |
|
| 182 | 0 | _an | |
| 200 | 1 |
_aПроклятие фараона _fЭлизабет Питерс _gперевод с английского Анастасии Тихвинской |
|
| 203 |
_aТекст _bвизуальный _cнепосредственный |
||
| 210 |
_aМосква _cЭвербук, Дом историй (Ирина Рябцова) _d2025 |
||
| 215 |
_a477, [2] с. _d18 |
||
| 225 | 1 |
_aКамин: классические детективы _v2 |
|
| 686 | 1 | _aШ6(7США)67-446{Лх1979-60} | |
| 700 | 1 |
_aПитерс _bЭ. _f1927-2013 _gЭлизабет _3RU\NLR\AUTH\779476 |
|
| 942 | _cBOOK | ||
| 980 | _aNB | ||